Danganronpa S: Ultimate Summer Camp Characters Quiz - Statistics

General Stats
  • This quiz has been taken 95 times
  • The average score is 47 of 62
Answer Stats
Character Game Origins % Correct
Makoto Naegi Danganronpa 1
97%
Byakuya Togami Danganronpa 1
96%
Aoi Asahina Danganronpa 1
94%
Kyoko Kirigiri Danganronpa 1
94%
Toko Fukawa Danganronpa 1
93%
Celestia Ludenberg Danganronpa 1
90%
Sakura Ogami Danganronpa 1
90%
Hajime Hinata Danganronpa 2
89%
Hifumi Yamada Danganronpa 1
89%
Junko Enoshima Danganronpa 1
89%
Sayaka Maizono Danganronpa 1
89%
Yasuhiro Hagakure Danganronpa 1
89%
Chiaki Nanami Danganronpa 2
87%
Chihiro Fujisaki Danganronpa 1
87%
Kiyotaka Ishimaru Danganronpa 1
87%
Mondo Owada Danganronpa 1
87%
Nagito Komaeda Danganronpa 2
87%
Leon Kuwata Danganronpa 1
86%
Monokuma Danganronpa 1
86%
Mukuro Ikusaba Danganronpa 1
86%
Mikan Tsumiki Danganronpa 2
84%
Peko Pekoyama Danganronpa 2
84%
Akane Owari Danganronpa 2
83%
Nekomaru Nidai Danganronpa 2
83%
Sonia Nevermind Danganronpa 2
83%
Gundham Tanaka Danganronpa 2
80%
Hiyoko Saionji Danganronpa 2
80%
Ibuki Mioda Danganronpa 2
80%
Komaru Naegi Danganronpa Another Episode
80%
Mahiru Koizumi Danganronpa 2
80%
Teruteru Hanamura Danganronpa 2
80%
Fuyuhiko Kuzuryu Danganronpa 2
79%
Kazuichi Soda Danganronpa 2
79%
Kaede Akamatsu Danganronpa V3
77%
Kokichi Oma Danganronpa V3
76%
Monomi Danganronpa 2
76%
Kaito Momota Danganronpa V3
74%
Rantaro Amami Danganronpa V3
73%
Ryoma Hoshi Danganronpa V3
73%
Shuichi Saihara Danganronpa V3
73%
Kirumi Tojo Danganronpa V3
71%
Miu Iruma Danganronpa V3
71%
Himiko Yumeno Danganronpa V3
70%
Tenko Chabashira Danganronpa V3
70%
Angie Yonaga Danganronpa V3
69%
Gonta Gokuhara Danganronpa V3
69%
K1-B0 Danganronpa V3
69%
Korekiyo Shinguji Danganronpa V3
69%
Tsumugi Shirogane Danganronpa V3
69%
Maki Harukawa Danganronpa V3
67%
Monaca Towa Danganronpa Another Episode
67%
Genocide Jack Danganronpa 1
60%
Usami Danganronpa 2
60%
Byakuya Twogami Danganronpa 2
56%
Kurokuma Danganronpa Another Episode
54%
Shirokuma Danganronpa Another Episode
54%
Masaru Daimon Danganronpa Another Episode
53%
Izuru Kamakura Danganronpa 2
51%
Nagisa Shingetsu Danganronpa Another Episode
51%
KotokoUtsugi Danganronpa Another Episode
50%
JataroKemuri Danganronpa Another Episode
41%
Hiroko Hagakure Danganronpa Another Episode
36%
No matching quizzes found
Score Distribution
Percent of People with Each Score
Percentile by Number Answered
Your Score History
You have not taken this quiz